Religie Quiz #2: Najpopularniejsze Imiona Papieży - Statystyki

Ogólne statystyki
  • Ten quiz został rozwiązany 199 razy
  • Średni wynik to 5 z 10
Statystyki odpowiedzi
Ilość Imię % Poprawnych
21 Jan
98%
15 Benedykt
87%
12 Pius
75%
16 Grzegorz
53%
13 Leon
49%
8 Urban
36%
13 Innocenty
32%
14 Klemens
31%
8 Bonifacy
16%
9 Stefan
10%
Nie znaleziono quizów pasujących do podanych kryteriów
Rozkład punktacji
Procent ludzi z każdym wynikiem
Percentyl według liczby udzielonych odpowiedzi
Twoja historia wyników
Nie rozwiązałeś tego quizu